000 00642nam a2200181Ia 4500
008 100917s9999 xx 000 0 und d
082 _b60025
100 _aकरंदीकर ना. सं.
245 _aहा सूर्य स्वातंत्र्याचा
260 _bअनिरूध्द साहित्य
_c1974
300 _a118
365 _b6
520 _aबालविभाग
630 _aहा सूर्य स्वातंत्र्याचा
650 _aबालविभाग
730 _aहा सूर्य स्वातंत्र्याचा
942 _cBOOK
999 _c665419
_d665416